<?xml version="1.0" encoding="UTF-8"?>
<marc:record xmlns:marc="http://www.loc.gov/MARC21/slim">
   <marc:leader>00000nam a2200000 a 4500</marc:leader>
   <marc:datafield ind1="1" ind2=" " tag="100">
      <marc:subfield code="a">Bahr, Hans-Eckehard</marc:subfield>
   </marc:datafield>
   <marc:datafield ind1=" " ind2=" " tag="653">
      <marc:subfield code="a">Militär</marc:subfield>
   </marc:datafield>
   <marc:datafield ind1=" " ind2=" " tag="653">
      <marc:subfield code="a">Europa</marc:subfield>
   </marc:datafield>
   <marc:datafield ind1=" " ind2=" " tag="653">
      <marc:subfield code="a">Friedensforschung</marc:subfield>
   </marc:datafield>
   <marc:datafield ind1=" " ind2=" " tag="653">
      <marc:subfield code="a">Frieden</marc:subfield>
   </marc:datafield>
   <marc:datafield ind1="0" ind2="0" tag="245">
      <marc:subfield code="a">Von der Armee zur europäischen Friedenstruppe</marc:subfield>
   </marc:datafield>
   <marc:datafield ind1=" " ind2="1" tag="264">
      <marc:subfield code="a">München</marc:subfield>
      <marc:subfield code="b">Knaur</marc:subfield>
      <marc:subfield code="c">1990</marc:subfield>
   </marc:datafield>
   <marc:datafield ind1="1" ind2=" " tag="520">
      <marc:subfield code="a">PZ 1/91*4 "Die Verteidigung der freiheitlichen Lebenswelt in ihren sozialen und ökologischen Institutionen - nicht mehr an ihren Grenzen", dies - und nur dies - sei die dringende Herausforderung an die Sicherheitspolitik in unseren modernen Industriegesellschaften, so die Begründung von H.-E. Bahr für seinen Vorschlag der Umrüstung der Armeen auf soziale und ökologische Friedensdienste. Sehr präzise erfaßt Bahr die Defizite und Bedrohungen unserer Zeit sowie den Anachronismus und die Unproduktivität militärischer Sicherheitsvorsorge. Der Gegenentwurf - Aufbau alternativer Dienste - scheint zunächst utopisch, ist aber konsequent. Was bislang als "Ersatz" für den Wehrdienst gilt, soll zum Normalfall werden. Die Idee der "Umpolung des Militärs" findet Zustimmung bei Friedensforschern, aufgeschlossenen Politikern und selbst bei kritischen Offizieren, stößt aber ebenso auf Skepsis etwa hinsichtlich der Transformierbarkeit militärischer Strukturen.</marc:subfield>
   </marc:datafield>
   <marc:datafield ind1="0" ind2=" " tag="490">
      <marc:subfield code="v">0</marc:subfield>
   </marc:datafield>
   <marc:datafield ind1=" " ind2=" " tag="542">
      <marc:subfield code="d">Bahr, Hans-Eckehard</marc:subfield>
   </marc:datafield>
   <marc:datafield ind1=" " ind2=" " tag="300">
      <marc:subfield code="a">215 S.</marc:subfield>
   </marc:datafield>
</marc:record>
